|
|
|
|
| LEADER |
01041nam a2200229 a 4500 |
| 008 |
100310s2008 njuab b 001 0 eng d |
| 020 |
|
|
|a 8131712117
|
| 040 |
|
|
|a DLC
|c DLC
|d DLC
|d BD-DhAAL
|
| 082 |
0 |
0 |
|a 621.3815/48
|2 22
|
| 100 |
1 |
|
|a Carr, Joseph J.
|
| 245 |
1 |
0 |
|a Elements of electronic instrumentation and measurement /
|c Joseph J. Carr.
|
| 250 |
|
|
|a 3rd ed.
|
| 260 |
|
|
|a Englewood Cliffs, N.J. ;
|a New Delhi :
|b Prentice Hall,
|c c2008.
|
| 300 |
|
|
|a xx, 550 p. :
|b ill., map ;
|c 24 cm.
|
| 504 |
|
|
|a Includes bibliographical references and index.
|
| 541 |
1 |
|
|e 00019936
|
| 650 |
|
0 |
|a Electronic instruments.
|
| 650 |
|
0 |
|a Electronic measurements.
|
| 852 |
4 |
|
|a Ayesha Abed Library
|j General Shelf
|
| 999 |
|
|
|c 7761
|d 7761
|
| 952 |
|
|
|0 0
|1 0
|2 ddc
|4 0
|6 621_381548000000000_CAR_2008
|7 0
|9 8577
|a BRACUL
|b BRACUL
|c GEN
|d 2010-03-10
|l 0
|o 621.381548 CAR
|p 3010019936
|r 2010-03-10
|t 1
|w 2010-03-10
|y BK
|
| 952 |
|
|
|0 0
|1 0
|2 ddc
|4 0
|6 621_381548000000000_CAR_2008
|7 0
|9 8578
|a BRACUL
|b BRACUL
|c GEN
|d 2010-03-10
|l 3
|m 32
|o 621.381548 CAR
|p 3010019937
|r 2022-03-16
|s 2022-03-02
|t 2
|w 2010-03-10
|y BK
|